|
|
|
|
| LEADER |
00815nta a2200205 i 4500 |
| 001 |
dipl60069 |
| 005 |
20161019160906.0 |
| 008 |
161019s2015 hu om 0|| zxx d |
| 040 |
|
|
|a SZTE Diploma Repozitórium
|b hun
|
| 041 |
|
|
|a zxx
|
| 100 |
1 |
|
|a Barna Lilla
|
| 245 |
1 |
0 |
|a Egy új gyulladáscsökkentő hatóanyag vizsgálata tenyésztett agyi endotélsejteken
|h [elektronikus dokumentum] /
|c Lilla Barna
|
| 246 |
1 |
0 |
|a Study of a novel antiinflammatory compound on cultured brain endothelial cells
|h [elektronikus dokumentum]
|
| 260 |
|
|
|c 2015
|
| 650 |
|
4 |
|a Természettudományok
|
| 650 |
|
4 |
|a Natural sciences
|
| 700 |
0 |
1 |
|a Deli Mária
|e ths
|
| 700 |
0 |
1 |
|a Tubak Vilmos
|e ths
|
| 700 |
0 |
1 |
|a Rákhely Gábor
|e ths
|
| 856 |
4 |
0 |
|u https://diploma.bibl.u-szeged.hu/id/eprint/60069/1/2016_Barna_Lilla_BALTABT_SZE_SZ.pdf
|z Dokumentum-elérés
|